| 000 | 00821cab a2200289 4500 | ||
|---|---|---|---|
| 001 | ABS46426 | ||
| 008 | 090401t1992 xxu||||| |||| 00| 0 eng d | ||
| 035 | _a(Sirsi) u58159 | ||
| 041 | _aeng | ||
| 100 | _aCornes, D. | ||
| 245 | _aVenturing out | ||
| 260 | _c1992 | ||
| 350 | _a0 | ||
| 490 |
_aNew Builder _v(128) 7 May 1992, 34(1) |
||
| 520 | _aAdvises on the methods and pitfalls of forming joint ventures under English law, with regard also to EC trading practice. | ||
| 650 | _aEUROPE | ||
| 650 | _aJOINT VENTURE COMPANIES | ||
| 650 | _aJOINT VENTURES | ||
| 650 | _aPARTNERSHIP ACT 1890 | ||
| 650 | _aPARTNERSHIPS | ||
| 650 | _aRESTRICTIVE TRADE PRACTICES ACT 1976 | ||
| 650 | _aUNINCORPORATED JOINT VENTURES | ||
| 690 | _aLAW | ||
| 700 | _aMcEachern, J. | ||
| 942 | _n0 | ||
| 948 | _c04/03/1997 | ||
| 999 |
_c35481 _d35481 |
||